| 000 | 00637nam a2200193 i 4500 | ||
|---|---|---|---|
| 001 | 62516 | ||
| 003 | ES-MaACL | ||
| 005 | 20230906164701.0 | ||
| 007 | t| | ||
| 008 | 031121s1984 sp ||||1| spa d | ||
| 100 | 1 |
_aFernández Álvarez, Manuel, _d1921-2010 _949458 |
|
| 245 | 1 | 3 |
_aLa sociedad española en el Siglo de Oro / _cManuel Fernández Alvarez. |
| 260 |
_aMadrid : _bEditora Nacional, _c[1984] |
||
| 300 |
_a1278 p. ; _c21 cm. |
||
| 490 | 1 | _aCultura y sociedad. Ensayo y divulgación | |
| 830 | 0 |
_aCultura y sociedad. Ensayo y divulgación _9182841 |
|
| 852 |
_aES-MaACL _jL-6232 _bR.106936 |
||
| 999 |
_c62516 _d62516 |
||